Sustainable development and environmental management (Record no. 111414)
[ view plain ]
| 000 -LEADER | |
|---|---|
| fixed length control field | 01675cad a22001935a 4500 |
| 008 - FIXED-LENGTH DATA ELEMENTS--GENERAL INFORMATION | |
| fixed length control field | 101110s2008 xxk f 000 0 eng d |
| 020 ## - INTERNATIONAL STANDARD BOOK NUMBER | |
| International Standard Book Number | 9781402082290 |
| 035 ## - SYSTEM CONTROL NUMBER | |
| System control number | (Sirsi) u151505 |
| 041 0# - LANGUAGE CODE | |
| Language code of text/sound track or separate title | eng |
| 100 1# - MAIN ENTRY--PERSONAL NAME | |
| Personal name | Clini, C |
| 245 00 - TITLE STATEMENT | |
| Title | Sustainable development and environmental management |
| Medium | [electronic resource] |
| 260 ## - PUBLICATION, DISTRIBUTION, ETC. | |
| Name of publisher, distributor, etc. | Springer Verlag |
| Date of publication, distribution, etc. | 2008 |
| 300 ## - PHYSICAL DESCRIPTION | |
| Extent | eBook |
| 505 2# - FORMATTED CONTENTS NOTE | |
| Formatted contents note | Sustainable development policies -- Water management -- Air quality control -- Waste management -- Energy efficiency and renewables -- Sustainable industrial development -- Sustainable urban development -- Agriculture and natural resource management |
| 520 ## - SUMMARY, ETC. | |
| Summary, etc. | This eBook presents the new EU approach to environmental management and its attempt to place it in the perspective of sustainable development. China and other large and fast growing economies are putting increasing pressures on global environment, but they are also looking at the European experience with great interest. To present critically this experience can help those countries avoid the mistakes made by developed countries in dealing with the relation between economic growth and environmental protection, and to improve the institutions and tools for better environmental governance. The variety of issues covered and the wide approach used in this book make it a useful tool for readers who want to place themselves in this perspective, although starting from different backgrounds and levels of knowledge on environmental and sustainability sciences. |
| 651 #4 - SUBJECT ADDED ENTRY--GEOGRAPHIC NAME | |
| Geographic name | ENGLAND AND WALES |
| 856 40 - ELECTRONIC LOCATION AND ACCESS | |
| Uniform Resource Identifier | <a href="https://www.vlebooks.com/">https://www.vlebooks.com/</a> |
| Public note | View on VLEbooks. Logins for members only from [email protected] |
| 942 ## - ADDED ENTRY ELEMENTS (KOHA) | |
| Suppress in OPAC | 0 |
| Withdrawn status | Lost status | Source of classification or shelving scheme | Damaged status | Not for loan | Home library | Current library | Shelving location | Date acquired | Total Checkouts | Full call number | Barcode | Date last seen | Copy number | Price effective from | Koha item type | Cost, normal purchase price | Cost, replacement price |
|---|---|---|---|---|---|---|---|---|---|---|---|---|---|---|---|---|---|
| Dewey Decimal Classification | London | London | Books | 23/11/2010 | EBOOK | 151505-3001 | 06/08/2019 | 1 | 06/08/2019 | Book | 140.40 | 140.40 | |||||
| Dewey Decimal Classification | Virtual | Virtual | Online | 10/11/2010 | EBOOK | 151505-2001 | 06/08/2019 | 1 | 06/08/2019 | Book |